Effectif RC Lens 1997/98- titre ligue1 - Statistiques

Statistiques générales
  • Ce quiz a été pris 134 fois
  • Le résultat moyen est 9 sur 22
Statistiques - réponses
Poste Joueur % Correct
G Guillaume Warmuz
89%
A Tony Vairelles
83%
D Eric Sikora
81%
D Jean-Guy Wallemme
69%
D Yoann Lachor
66%
D Frédéric Déhu
64%
M Stéphane Ziani
56%
M Marc-Vivien Foé
53%
M Vladimir Smicer
53%
M Mickaël Debève
51%
A Anto Drobnjak
46%
A Wagneau Eloi
34%
D Cyrille Magnier
29%
M Hervé Arsène
28%
M Philippe Brunel
22%
G Christophe Marichez
17%
D José-Karl Pierre-Fanfan
17%
M Wilson Oruma
17%
D Aboubacar Sankharé
15%
M Romain Pitau
15%
D Xavier Méride
15%
M Franck Chaussidière
5%
Aucun quiz correspondant
Distribution des résultats
% des personnes avec chaque résultat
Percentile par nombre de réponses
Votre historique - résultats
Vous n’avez pas pris ce quiz